000 01188nam a2200277 a 4500
001 BRCA_5473
005 20190320205108.0
008 140111s2007----sp-#######---#000-0#spa-#
020 _a9788497733212
041 _aspa
044 _asp
050 4 _aF1412
_b.M37 2007
100 1 _aMartínez Martínez, Ma. del Carmen
_913983
245 1 0 _aDesde la otra orilla
_bcartas de Indias en el Archivo de la Real Chancillería de Valladolid (Siglos XVI-XVIII)
_cedición, estudio, notas e índices Ma. del Carmen Martínez Martínez ; presentación Jesús Paniagua Pérez.
260 _a[León, España]
_bUniversidad de León
_c2007
300 _a759 p.
_c25 cm.
440 0 _aColección Tradición clásica y humanística en España e hispanoamérica
_v4
_913984
500 _aIncluye relación de emisores, índice onomástico y toponímico
504 _aBibliografía: p. [703]-713
650 1 4 _aEvidencia (Derecho)
_zEspaña
_913985
651 4 _aAmérica Latina
_vFuentes
_xHistoria
_ya 1830
_913986
651 4 _aAmérica Latina
_xCorrespondencia
_913987
700 1 _aPaniagua Pérez, Jesús
_92812
710 2 _aArchivo de la Real Chancillería de Valladolid
_913988
942 _2lcc
_cB
999 _c5167
_d5167